[Event "77th Armenian Women Championship 2022"]
[Site "Yerevan"]
[Date "2022.01.13"]
[Round "2.4"]
[White "Khachatryan, Anna"]
[Black "Arakelyan, Nare"]
[Result "0-1"]
[WhiteElo "2134"]
[BlackElo "1912"]
[Annotator "ChessBase"]
[PlyCount "120"]
[EventDate "2022.01.12"]
[EventType "tourn"]
[EventCountry "ARM"]
[SourceTitle "playchess.com"]
[Source "ChessBase"]
[SourceQuality "1"]
[TimeControl "40/5400+30:1800+30"]

1. e4 {[%emt 0:00:57]} c5 {[%emt 0:00:50]} 2. Nf3 {[%emt 0:00:05]} d6 {[%emt 0:01:23]} 3. Bb5+ {[%emt 0:00:05]} Bd7 {[%emt 0:00:20]} 4. Bxd7+ {[%emt 0:00:06]} Qxd7 {[%emt 0:00:02]} 5. c4 {[%emt 0:00:15]} Nc6 {[%emt 0:00:42]} 6. Nc3 {[%emt 0:01:02]} g6 {[%emt 0:01:36]} 7. d4 {[%emt 0:00:47]} cxd4 {[%emt 0:00:24]} 8. Nxd4 {[%emt 0:00:05]} Bg7 {[%emt 0:00:17]} 9. Nde2 {[%emt 0:02:29]} Nf6 {[%emt 0:01:59]} 10. O-O {[%emt 0:01:11]} O-O {[%emt 0:04:13]} 11. f3 {[%emt 0:00:13]} Ne5 {[%emt 0:05:19]} 12. b3 {[%emt 0:00:59]} a6 {[%emt 0:00:16]} 13. a4 {[%emt 0:01:21]} b6 {[%emt 0:08:40]} 14. Be3 {[%emt 0:10:21]} Qb7 {[%emt 0:11:44]} 15. Rb1 {[%emt 0:06:03]} Rfd8 {[%emt 0:01:45]} 16. Qd2 {[%emt 0:10:24]} Rac8 {[%emt 0:05:03]} 17. Rfd1 {[%emt 0:03:00]} h5 {[%emt 0:01:30]} 18. Qe1 {[%emt 0:28:51]} Nfd7 {[%emt 0:11:47]} 19. Nd5 {[%emt 0:08:16]} Nc5 {[%emt 0:02:41]} 20. Qh4 {[%emt 0:09:44]} Re8 {[%emt 0:13:25]} 21. Nd4 {[%emt 0:02:49]} Nc6 {[%emt 0:07:00]} 22. Nxc6 {[%emt 0:07:24]} Rxc6 {[%emt 0:00:04]} 23. Kh1 {[%emt 0:01:19]} Kf8 {[%emt 0:03:36]} 24. Qg3 {[%emt 0:04:06]} b5 {[%emt 0:02:43]} 25. Bxc5 {[%emt 0:00:29]} Rxc5 {[%emt 0:00:51]} 26. cxb5 {[%emt 0:00:04]} axb5 {[%emt 0:00:15]} 27. b4 {[%emt 0:00:15]} Rc2 {[%emt 0:05:14]} 28. a5 {[%emt 0:00:08]} Rec8 {[%emt 0:01:33]} 29. Nb6 {[%emt 0:01:06]} R8c3 {[%emt 0:01:32]} 30. Qg5 {[%emt 0:00:35]} Bf6 {[%emt 0:06:03]} 31. Qxb5 Rc6 {[%emt 0:01:20]} 32. Qd5 {[%emt 0:01:12]} e6 {[%emt 0:00:28]} 33. Qd3 {[%emt 0:00:24]} Be5 {[%emt 0:01:02]} 34. Qe3 {[%emt 0:00:50]} R6c3 {[%emt 0:01:11]} 35. Rd3 {[%emt 0:00:30]} Rxd3 {[%emt 0:00:38]} 36. Qxd3 {[%emt 0:00:02]} Qc6 {[%emt 0:00:10]} 37. Qd1 {[%emt 0:00:55]} Kg7 {[%emt 0:00:52]} 38. Nd7 {[%emt 0:00:35]} Bf4 {[%emt 0:00:28]} 39. b5 {[%emt 0:00:28]} Qc4 {[%emt 0:00:27]} 40. b6 Qa2 {[%emt 0:00:00]} 41. Qd4+ {[%emt 0:07:50]} e5 {[%emt 0:05:06]} 42. Qa1 {[%emt 0:00:51]} Qc4 {[%emt 0:00:27]} 43. Rg1 {[%emt 0:10:05]} Qe6 {[%emt 0:01:52]} 44. Rf1 {[%emt 0:09:41]} Qxd7 {[%emt 0:07:24]} 45. Qb1 {[%emt 0:01:47]} Rc8 {[%emt 0:00:31]} 46. Qd3 {[%emt 0:03:18]} Qc6 {[%emt 0:02:41]} 47. g3 {[%emt 0:00:22]} Bg5 {[%emt 0:00:29]} 48. Rb1 {[%emt 0:00:28]} Bd8 {[%emt 0:02:12]} 49. Qb3 {[%emt 0:00:41]} Qb7 {[%emt 0:01:37]} 50. Qd3 Qc6 {[%emt 0:00:55]} 51. Qb3 {[%emt 0:00:44]} Rb8 {[%emt 0:00:50]} 52. Kg2 {[%emt 0:00:36]} Qc5 {[%emt 0:01:20]} 53. Qb5 {[%emt 0:00:38]} Qc2+ {[%emt 0:02:08]} 54. Kh3 {[%emt 0:00:16]} g5 {[%emt 0:00:58]} 55. Rb4 {[%emt 0:00:26]} Qd1 {[%emt 0:01:11]} 56. Kg2 {[%emt 0:00:38]} Qd2+ {[%emt 0:02:27]} 57. Kh3 {[%emt 0:00:42]} Qd1 {[%emt 0:02:40]} 58. Kg2 {[%emt 0:00:23]} g4 {[%emt 0:00:41]} 59. Rb3 {[%emt 0:00:34]} Rc8 {[%emt 0:00:22]} 60. fxg4 {[%emt 0:00:26]} Rc2+ {[%emt 0:00:16]} 0-1

[Event "77th Armenian Women Championship 2022"]
[Site "Yerevan"]
[Date "2022.01.13"]
[Round "2.5"]
[White "Gasparian, Narine"]
[Black "Khachatryan, Veronika"]
[Result "0-1"]
[WhiteElo "2004"]
[BlackElo "2007"]
[Annotator "ChessBase"]
[PlyCount "128"]
[EventDate "2022.01.12"]
[EventType "tourn"]
[EventCountry "ARM"]
[SourceTitle "playchess.com"]
[Source "ChessBase"]
[SourceQuality "1"]
[TimeControl "40/5400+30:1800+30"]

1. d4 {[%emt 0:00:09]} Nf6 {[%emt 0:00:33]} 2. Nf3 {[%emt 0:00:09]} g6 {[%emt 0:00:04]} 3. c4 {[%emt 0:00:12]} Bg7 {[%emt 0:00:09]} 4. Nc3 {[%emt 0:00:05]} d5 {[%emt 0:00:11]} 5. g3 {[%emt 0:00:20]} O-O {[%emt 0:00:28]} 6. Bg2 {[%emt 0:00:18]} dxc4 {[%emt 0:00:29]} 7. Qa4 {[%emt 0:00:53]} Nfd7 {[%emt 0:05:32]} 8. Qxc4 {[%emt 0:00:37]} Nb6 {[%emt 0:00:10]} 9. Qc5 {[%emt 0:04:13]} Na6 {[%emt 0:22:06]} 10. Qg5 {[%emt 0:05:49]} Bf6 {[%emt 0:13:02]} 11. Qh6 {[%emt 0:01:25]} Nb4 {[%emt 0:07:24]} 12. O-O {[%emt 0:07:35]} Nc2 {[%emt 0:03:17]} 13. Rb1 {[%emt 0:14:10]} Nxd4 {[%emt 0:07:17]} 14. Rd1 {[%emt 0:03:33]} Nxf3+ {[%emt 0:03:10]} 15. Bxf3 {[%emt 0:00:08]} Qe8 {[%emt 0:00:12]} 16. Ne4 {[%emt 0:02:38]} Bg7 {[%emt 0:00:11]} 17. Qh4 {[%emt 0:00:32]} f6 {[%emt 0:04:54]} 18. Nc5 {[%emt 0:03:59]} c6 {[%emt 0:04:27]} 19. a4 {[%emt 0:00:07]} Qf7 {[%emt 0:04:36]} 20. a5 {[%emt 0:01:28]} Nd5 {[%emt 0:03:29]} 21. e4 {[%emt 0:06:22]} Nc7 {[%emt 0:03:07]} 22. Qf4 {[%emt 0:14:57]} e5 {[%emt 0:01:56]} 23. Qd2 {[%emt 0:01:26]} Ne6 {[%emt 0:03:49]} 24. Qb4 {[%emt 0:09:40]} Nd4 {[%emt 0:06:13]} 25. Bg2 {[%emt 0:00:07]} Bg4 {[%emt 0:01:30]} 26. f3 {[%emt 0:06:12]} Rad8 {[%emt 0:00:01]} 27. fxg4 {[%emt 0:04:46]} Nc2 {[%emt 0:00:19]} 28. Qa4 {[%emt 0:03:53]} Rxd1+ {[%emt 0:00:14]} 29. Kf2 {[%emt 0:00:05]} Rd4 {[%emt 0:02:29]} 30. b4 {[%emt 0:03:01]} Qc4 {[%emt 0:01:33]} 31. Bf1 {[%emt 0:00:50]} Qc3 {[%emt 0:00:20]} 32. Qb3+ {[%emt 0:04:43]} Qxb3 {[%emt 0:00:04]} 33. Rxb3 {[%emt 0:00:04]} Rxb4 {[%emt 0:00:55]} 34. Rc3 {[%emt 0:00:15]} Nd4 {[%emt 0:00:48]} 35. Ba3 {[%emt 0:00:51]} Rb1 {[%emt 0:00:44]} 36. Bd3 {[%emt 0:00:39]} Nb5 {[%emt 0:00:34]} 37. Bc4+ {[%emt 0:01:36]} Kh8 {[%emt 0:00:30]} 38. Bxb5 {[%emt 0:00:27]} Rxb5 {[%emt 0:01:04]} 39. Rd3 {[%emt 0:00:34]} f5 {[%emt 0:01:23]} 40. gxf5 {[%emt 0:00:00]} gxf5 {[%emt 0:00:00]} 41. Ne6 {[%emt 0:04:16]} fxe4+ {[%emt 0:06:21]} 42. Bxf8 {[%emt 0:00:07]} exd3 {[%emt 0:00:03]} 43. Bxg7+ {[%emt 0:00:08]} Kg8 {[%emt 0:00:05]} 44. Bh6 {[%emt 0:01:43]} Kf7 {[%emt 0:00:40]} 45. Nd8+ {[%emt 0:01:12]} Ke7 {[%emt 0:10:00]} 46. Bg5+ {[%emt 0:00:26]} Kd7 {[%emt 0:00:06]} 47. Nf7 {[%emt 0:03:27]} Ke6 {[%emt 0:01:20]} 48. Nd8+ {[%emt 0:00:19]} Kf5 {[%emt 0:01:46]} 49. h4 {[%emt 0:01:33]} Rd5 {[%emt 0:03:29]} 50. Ke1 {[%emt 0:00:45]} h6 {[%emt 0:01:08]} 51. Be7 {[%emt 0:00:30]} Rd7 {[%emt 0:00:18]} 52. a6 {[%emt 0:00:29]} bxa6 {[%emt 0:00:14]} 53. g4+ {[%emt 0:01:02]} Kxg4 {[%emt 0:04:28]} 54. Nxc6 {[%emt 0:00:06]} Kf4 {[%emt 0:01:10]} 55. Bf8 {[%emt 0:00:24]} Ke4 {[%emt 0:01:36]} 56. h5 {[%emt 0:00:53]} Rf7 {[%emt 0:02:44]} 57. Bb4 {[%emt 0:00:43]} Rc7 {[%emt 0:01:12]} 58. Nd8 {[%emt 0:00:33]} Kf3 {[%emt 0:01:01]} 59. Ne6 {[%emt 0:00:39]} Rc4 {[%emt 0:00:43]} 60. Bf8 {[%emt 0:00:24]} e4 {[%emt 0:00:14]} 61. Bxh6 {[%emt 0:00:34]} e3 {[%emt 0:00:08]} 62. Ng5+ {[%emt 0:00:47]} Kg2 {[%emt 0:00:47]} 63. Kd1 {[%emt 0:00:14]} e2+ {[%emt 0:00:47]} 64. Kd2 {[%emt 0:00:05]} Rc2+ {[%emt 0:00:34]} 0-1

[Event "77th Armenian Women Championship 2022"]
[Site "Yerevan"]
[Date "2022.01.14"]
[Round "3.1"]
[White "Yedigaryan, Asya"]
[Black "Hakobyan, Astghik"]
[Result "1/2-1/2"]
[WhiteElo "2022"]
[BlackElo "2053"]
[Annotator "TA"]
[PlyCount "57"]
[EventDate "2022.01.12"]
[EventType "tourn"]
[EventCountry "ARM"]
[SourceTitle "playchess.com"]
[Source "ChessBase"]
[SourceQuality "1"]

{[%evp 22,57,24,14,27,20,41,35,28,29,84,56,64,60,77,-6,8,0,39,-20,0,0,8,8,6,6,6,6,5,5,6,5,10,6,6,6,6,10]} 1. e4 c6 2. d4 d5 3. exd5 cxd5 4. c4 Nf6 5. Nc3 e6 6. Nf3 Bb4 7. cxd5 Nxd5 8. Bd2 Nc6 9. Bd3 Nf6 10. Bg5 O-O 11. O-O Be7 12. Rc1 Nd5 {B22: Sicilian: 2 c3.} 13. Be3 Bf6 {[#]} 14. Ne4 $146 ({Predecessor:} 14. Bb1 Qb6 15. Qd3 g6 16. Ne4 Bg7 17. Ne5 Nxe5 18. dxe5 Nxe3 19. fxe3 Bxe5 20. b3 Qd8 21. Qb5 Bg7 22. Rf3 {½-½ (60) Le,N-Vo,H Can Tho 2003}) 14... Nce7 {White is slightly better.} 15. Nxf6+ gxf6 (15... Nxf6 $11 {keeps the balance.} 16. Ne5 Nfd5) 16. Bh6 Re8 $1 17. Nh4 {aiming for Qg4+. White is more active.} Ng6 {[#]} 18. Nxg6 (18. Qh5 $1 $16) 18... hxg6 $11 19. h4 Kh7 20. Be3 {This bishop pair is nice.} ({White should play} 20. Qd2 $14) 20... f5 {The position is equal.} 21. Bg5 Qd6 22. Qf3 {[%cal Od3e4]} Bd7 {[%cal Bc8d7,Bd7c6,Bc6d5][%mdl 32]} 23. Bc4 Bc6 24. Bxd5 Qxd5 25. Qxd5 Bxd5 26. Rc7 Kg8 27. Bf6 Rac8 28. Rfc1 Bc6 29. Rxc8 {Weighted Error Value: White=0.15 (very precise) /Black=0.09 (flawless)} 1/2-1/2

[Event "77th Armenian Women Championship 2022"]
[Site "Yerevan"]
[Date "2022.01.14"]
[Round "3.2"]
[White "Arakelyan, Nare"]
[Black "Gasparian, Narine"]
[Result "0-1"]
[WhiteElo "1912"]
[BlackElo "2004"]
[Annotator "ChessBase"]
[PlyCount "72"]
[EventDate "2022.01.12"]
[EventType "tourn"]
[EventCountry "ARM"]
[SourceTitle "playchess.com"]
[Source "ChessBase"]
[SourceQuality "1"]
[TimeControl "40/5400+30:1800+30"]

1. e4 {[%emt 0:00:37]} c5 {[%emt 0:00:10]} 2. Nf3 {[%emt 0:00:29]} d6 {[%emt 0:00:40]} 3. d4 {[%emt 0:00:12]} cxd4 {[%emt 0:00:06]} 4. Nxd4 {[%emt 0:00:03]} Nf6 {[%emt 0:00:05]} 5. Nc3 {[%emt 0:00:06]} a6 {[%emt 0:00:02]} 6. h3 {[%emt 0:00:07]} g6 {[%emt 0:00:22]} 7. g4 {[%emt 0:00:25]} Bg7 {[%emt 0:00:36]} 8. Be3 {[%emt 0:01:05]} Nc6 {[%emt 0:00:16]} 9. Qd2 {[%emt 0:00:14]} O-O {[%emt 0:01:48]} 10. O-O-O {[%emt 0:00:17]} Bd7 {[%emt 0:10:50]} 11. f3 {[%emt 0:08:20]} b5 {[%emt 0:02:00]} 12. h4 {[%emt 0:02:03]} b4 {[%emt 0:00:49]} 13. Nce2 {[%emt 0:00:03]} Ne5 {[%emt 0:05:08]} 14. Ng3 {[%emt 0:08:34]} Bb5 {[%emt 0:02:26]} 15. Bh6 {[%emt 0:04:06]} Bxf1 {[%emt 0:03:34]} 16. Rdxf1 {[%emt 0:03:16]} Nc4 {[%emt 0:01:45]} 17. Qg5 {[%emt 0:00:27]} Nxe4 {[%emt 0:02:33]} 18. fxe4 {[%emt 0:10:43]} Bxd4 {[%emt 0:00:19]} 19. Rf3 {[%emt 0:00:13]} Bxb2+ {[%emt 0:01:34]} 20. Kb1 {[%emt 0:11:46]} Bc3 {[%emt 0:06:36]} 21. Rd1 {[%emt 0:00:16]} Qc7 {[%emt 0:04:20]} 22. Bxf8 {[%emt 0:03:21]} Na3+ {[%emt 0:04:11]} 23. Kc1 {[%emt 0:04:28]} Bb2+ {[%emt 0:00:44]} 24. Kd2 {[%emt 0:00:05]} Qxc2+ {[%emt 0:00:05]} 25. Ke1 {[%emt 0:00:03]} Bc3+ {[%emt 0:07:56]} 26. Rxc3 {[%emt 0:00:11]} Qxc3+ {[%emt 0:00:05]} 27. Kf2 {[%emt 0:00:02]} Rxf8 {[%emt 0:00:37]} 28. Nf5 {[%emt 0:04:53]} Qc5+ {[%emt 0:01:19]} 29. Kf3 {[%emt 0:02:13]} Qc3+ {[%emt 0:03:35]} 30. Kg2 {[%emt 0:05:56]} e6 {[%emt 0:02:06]} 31. Ne7+ {[%emt 0:09:35]} Kg7 {[%emt 0:01:09]} 32. Rxd6 {[%emt 0:03:52]} Nc4 {[%emt 0:03:22]} 33. Rc6 {[%emt 0:00:25]} Qb2+ {[%emt 0:00:31]} 34. Kh3 {[%emt 0:04:01]} Ne5 {[%emt 0:02:05]} 35. Rc7 {[%emt 0:01:26]} Nf3 {[%emt 0:01:25]} 36. Qf4 {[%emt 0:01:12]} Ng1+ {[%emt 0:00:10]} 0-1

[Event "77th Armenian Women Championship 2022"]
[Site "Yerevan"]
[Date "2022.01.14"]
[Round "3.3"]
[White "Khachatryan, Veronika"]
[Black "Gaboyan, Susanna"]
[Result "1/2-1/2"]
[WhiteElo "2007"]
[BlackElo "2254"]
[Annotator "TA"]
[PlyCount "67"]
[EventDate "2022.01.12"]
[EventType "tourn"]
[EventCountry "ARM"]
[SourceTitle "playchess.com"]
[Source "ChessBase"]
[SourceQuality "1"]

{[%evp 23,67,88,68,75,105,94,98,96,106,47,46,43,40,35,64,63,125,9,9,20,7,10,6,12,12,12,23,18,25,8,12,10,10,16,20,19,14,8,9,7,8,0,9,0,9,0]} 1. d4 Nf6 2. c4 g6 3. Nc3 d5 4. cxd5 Nxd5 5. e4 Nxc3 6. bxc3 c5 7. Nf3 Bg7 8. Rb1 O-O 9. Be2 Qc7 10. O-O Bg4 11. Be3 cxd4 12. cxd4 Nc6 13. d5 {D85: Exchange Grünfeld: Unusual White 7th moves and lines with 7 Nf3.} Bxf3 14. Bxf3 Ne5 {[#]} 15. Be2 $1 {White is better.} Rfc8 {[%cal Bf8c8,Bc8c2,Bc2a2,Ba2b2,Bb2e2][%mdl 32] [#]} 16. Qb3 $146 (16. Re1 $16) ({Predecessor:} 16. Bd4 Qc2 17. f4 Nd7 18. Bxg7 Kxg7 19. Rxb7 Nf6 20. Qxc2 Rxc2 21. Bf3 {1-0 (46) Korobka,A-Kyritsin,S Bulgaria 1999}) 16... Qc2 $14 17. Qxc2 Rxc2 18. Bd1 Rxa2 19. Rxb7 a5 (19... Nc4 $14) 20. Bb3 ({White has to play} 20. Rxe7 $16 {Black must now prevent d6.} a4 21. d6) 20... Rb2 $11 {[#] Threatens to win with ...a4.} 21. Bc1 Re2 {...a4 is the strong threat.} ({But not} 21... Rb1 22. Ba3 Rxb3 23. Rxb3 $18) 22. d6 exd6 23. Bd5 Rc8 {Inhibits Rc7.} 24. Ba3 {A strong pair of Bishops.} Bf8 25. Ra7 Kg7 26. Rxa5 (26. h3 {keeps more tension.} h5 27. Bc1 Kh7 28. Bf4 Bg7 29. Rxa5 Nd3 30. Be3) 26... Nc4 {The position is equal.} 27. Ra7 Nxa3 28. Rxa3 Be7 29. Ra7 Kf8 30. g3 Rcc2 31. Ra8+ Kg7 32. Ra7 Kf8 33. Ra8+ Kg7 34. Ra7 {Weighted Error Value: White=0.16 (very precise) /Black=0.09 (flawless)} 1/2-1/2

[Event "77th Armenian Women Championship 2022"]
[Site "Yerevan"]
[Date "2022.01.14"]
[Round "3.4"]
[White "Gevorgyan, Maria"]
[Black "Avetisyan, Mariam"]
[Result "1-0"]
[WhiteElo "2218"]
[BlackElo "2012"]
[Annotator "RC"]
[PlyCount "61"]
[EventDate "2022.01.12"]
[EventType "tourn"]
[EventCountry "ARM"]
[SourceTitle "playchess.com"]
[Source "ChessBase"]
[SourceQuality "1"]
[TimeControl "40/5400+30:1800+30"]

1. e4 {[%emt 0:00:02]} c5 {[%emt 0:04:35]} 2. d3 {[%emt 0:00:07]} e6 {[%emt 0:02:12]} 3. Nf3 {[%emt 0:00:19]} Nc6 {[%emt 0:01:02]} 4. g3 {[%emt 0:00:13]} d5 {[%emt 0:00:04]} 5. Nbd2 {[%emt 0:00:05]} Nf6 {[%emt 0:04:16]} 6. Bg2 {[%emt 0:00:15]} Be7 {[%emt 0:00:17]} 7. O-O {[%emt 0:00:09]} Qc7 {[%emt 0:03:41]} 8. Re1 {[%emt 0:00:34]} b6 {[%emt 0:02:21]} 9. Nf1 {[%emt 0:04:12]} dxe4 {[%emt 0:08:51]} 10. dxe4 {[%emt 0:00:34]} Bb7 {[%emt 0:02:57]} 11. c3 {[%emt 0:01:03]} Rd8 {[%emt 0:04:11]} 12. Qc2 {[%emt 0:00:21]} O-O {[%emt 0:10:00]} 13. e5 {[%emt 0:09:01]} Nd5 {[%emt 0:06:58]} 14. h4 {[%emt 0:00:11]} b5 {[%emt 0:07:23]} 15. h5 {[%emt 0:00:53]} b4 {[%emt 0:05:42]} 16. N1h2 {[%emt 0:10:37]} bxc3 {[%emt 0:02:35]} 17. bxc3 {[%emt 0:00:12]} Qa5 {[%emt 0:03:25]} 18. Bd2 {[%emt 0:00:11]} Nb6 {[%emt 0:06:26]} 19. Ng5 {[%emt 0:06:53]} Bxg5 {[%emt 0:02:02]} 20. Bxg5 {[%emt 0:00:08]} Rb8 {[%emt 0:12:50]} 21. h6 {[%emt 0:12:20]} g6 {[%emt 0:00:10]} 22. Qd2 {[%emt 0:00:11]} Qa4 {[%emt 0:04:00]} 23. Bh4 {[%emt 0:11:19]} Qc4 {[%emt 0:04:05]} 24. Rad1 {[%emt 0:03:18]} Nd5 {[%emt 0:01:30]} 25. Bxd5 {[%emt 0:03:32]} exd5 {[%emt 0:00:03]} 26. Qxd5 {[%emt 0:07:17]} Qxc3 {[%emt 0:00:06]} 27. e6 {[%emt 0:05:17]} Nd4 {[%emt 0:01:00]} 28. Qe5 {[%emt 0:00:06]} Ne2+ {[%emt 0:01:10]} 29. Qxe2 {[%emt 0:00:41]} fxe6 {[%emt 0:00:23]} 30. Qxe6+ {[%emt 0:00:05]} Kh8 {[%emt 0:00:44]} 31. Ng4 {[%emt 0:00:19]} 1-0

[Event "77th Armenian Women Championship 2022"]
[Site "Yerevan"]
[Date "2022.01.14"]
[Round "3.5"]
[White "Mkrtchyan, Mariam"]
[Black "Khachatryan, Anna"]
[Result "1-0"]
[WhiteElo "2262"]
[BlackElo "2134"]
[Annotator "TA"]
[PlyCount "111"]
[EventDate "2022.01.12"]
[EventType "tourn"]
[EventCountry "ARM"]
[SourceTitle "playchess.com"]
[Source "ChessBase"]
[SourceQuality "1"]

{[%evp 22,111,52,45,34,47,45,45,51,41,82,37,93,99,96,91,114,91,149,135,124,93,98,104,103,99,106,104,104,100,100,95,108,100,125,112,211,211,211,211,211,206,193,204,201,117,117,117,117,117,117,120,79,31,24,24,19,19,23,24,52,13,64,54,207,207,207,207,1030,598,565,1046,1019,923,1020,1102,941,941,851,262,1975,1906,2202,1808,3747,3674,29960,29961,6095,6082,29980,29981]} 1. Nf3 d5 2. g3 c5 3. Bg2 Nf6 4. O-O Nc6 5. d4 cxd4 6. Nxd4 e6 7. c4 Be7 8. Nc3 O-O 9. cxd5 exd5 10. b3 Bg4 11. h3 Be6 12. Bb2 Qd7 {D34: Tarrasch Defence: 6 g3 Nf6 7 Bg2 Be7.} 13. Kh2 Rac8 {[#]} 14. e3 $146 ({Predecessor:} 14. Rc1 Rfd8 15. Na4 Ne4 16. f3 Nxd4 17. Rxc8 Rxc8 18. Qxd4 Nf6 19. Rc1 Rxc1 20. Bxc1 {0-1 (48) Mikhailuk,S (2442)-Akobian,V (2514) Las Vegas 2002}) 14... Rfe8 {White is slightly better.} 15. Nce2 Nb4 (15... Nxd4 $14 16. Nxd4 Ne4) 16. a3 (16. Nf4 $1 $16) 16... Na6 (16... Nc6 $14) 17. b4 $16 Nc7 18. Qd3 {To avoid Nb5} Qd6 19. Rad1 Red8 (19... Bd7 $142) 20. Nf4 Qd7 21. Qb3 {[%cal Oe3e4]} Qe8 22. Ndxe6 fxe6 23. e4 dxe4 24. Be5 Qf7 25. Rxd8+ Bxd8 26. Rc1 Ra8 27. Bxf6 {White is much more active.} Bxf6 28. Bxe4 {[%cal Oc1c7] Threatens to win with Rxc7!} Re8 (28... g5 $16) 29. Qc2 $18 (29. Bxb7 Bg5 $16) 29... g5 {[#]} 30. Bxh7+ $1 {[%mdl 512]} Qxh7 31. Qxh7+ Kxh7 {[%cal Bg8h7,Bh7h6,Bh6g6][%mdl 32]} 32. Rxc7+ {[%mdl 4096] Endgame KRB-KRN} Kh6 {[#]} 33. Ng2 (33. Nd3 $1 $18) 33... Re7 $16 34. Rxe7 Bxe7 {KB-KN} 35. Ne1 a5 36. Nd3 axb4 37. Nxb4 (37. axb4 $16 {Black must now prevent b5.} e5 38. Kg2 (38. Nxe5 Bxb4 39. Kg2 b5 $16)) 37... Kg6 $14 38. Kg2 Kf5 39. Kf3 Bc5 40. g4+ Kf6 41. Ke2 Bf8 ({Black should try} 41... b5 $11) 42. Nc2 Bc5 $2 {Black cannot hold the game after this.} (42... b5 $1 $14) 43. a4 $18 Ke5 {[#]} 44. Ne1 $1 {aiming for Nd3+.} Bb6 $2 (44... Kd5 45. Nd3 Bd6) 45. Ng2 {[%cal Of2f4] And now f4+! would win.} Bd8 46. f4+ Ke4 47. fxg5 Bxg5 48. h4 Bf6 49. g5 Bd4 50. Ne1 Kf5 $2 (50... Kf4 51. Nc2 Bh8) 51. Nc2 Bh8 52. Kf3 Ke5 53. Ne3 Kd4 54. h5 Ke5 55. h6 b6 56. Ke2 {Weighted Error Value: White=0.17 (very precise) /Black=0.55} 1-0

[Event "77th Armenian Women Championship 2022"]
[Site "Yerevan"]
[Date "2022.01.15"]
[Round "4.1"]
[White "Khachatryan, Anna"]
[Black "Yedigaryan, Asya"]
[Result "1-0"]
[WhiteElo "2134"]
[BlackElo "2022"]
[Annotator "ChessBase"]
[PlyCount "43"]
[EventDate "2022.01.12"]
[EventType "tourn"]
[EventCountry "ARM"]
[SourceTitle "playchess.com"]
[Source "ChessBase"]
[SourceQuality "1"]
[TimeControl "40/5400+30:1800+30"]

1. e4 {[%emt 0:04:06]} e6 {[%emt 0:00:20]} 2. d4 {[%emt 0:00:10]} d5 {[%emt 0:00:06]} 3. Nc3 {[%emt 0:00:05]} Nf6 {[%emt 0:00:05]} 4. Bg5 {[%emt 0:00:04]} dxe4 {[%emt 0:00:10]} 5. Nxe4 {[%emt 0:02:41]} Be7 {[%emt 0:00:04]} 6. Bxf6 {[%emt 0:02:21]} gxf6 {[%emt 0:00:08]} 7. Nf3 {[%emt 0:00:40]} f5 {[%emt 0:00:15]} 8. Ng3 {[%emt 0:01:05]} a6 {[%emt 0:06:56]} 9. Bc4 {[%emt 0:09:23]} b5 {[%emt 0:01:02]} 10. Bb3 {[%emt 0:00:03]} Qd6 {[%emt 0:13:34]} 11. Qe2 {[%emt 0:20:26]} c5 {[%emt 0:05:33]} 12. dxc5 {[%emt 0:00:12]} Qxc5 {[%emt 0:00:04]} 13. O-O-O {[%emt 0:00:17]} Nc6 {[%emt 0:02:54]} 14. h4 {[%emt 0:08:10]} h6 {[%emt 0:09:21]} 15. Nh5 {[%emt 0:14:45]} Rg8 {[%emt 0:01:35]} 16. Qd2 {[%emt 0:06:22]} Rxg2 {[%emt 0:05:40]} 17. Qxh6 {[%emt 0:00:15]} Bf8 {[%emt 0:03:40]} 18. Qf6 {[%emt 0:07:45]} Rg6 {[%emt 0:16:55]} 19. Qh8 {[%emt 0:00:05]} Qxf2 {[%emt 0:00:08]} 20. Ng5 {[%emt 0:02:57]} Qe3+ {[%emt 0:00:07]} 21. Kb1 {[%emt 0:00:01]} Qe5 {[%emt 0:00:24]} 22. Rd8+ {[%emt 0:01:15]} 1-0

[Event "77th Armenian Women Championship 2022"]
[Site "Yerevan"]
[Date "2022.01.15"]
[Round "4.2"]
[White "Hakobyan, Astghik"]
[Black "Gevorgyan, Maria"]
[Result "0-1"]
[WhiteElo "2053"]
[BlackElo "2218"]
[Annotator "ChessBase"]
[PlyCount "90"]
[EventDate "2022.01.12"]
[EventType "tourn"]
[EventCountry "ARM"]
[SourceTitle "playchess.com"]
[Source "ChessBase"]
[SourceQuality "1"]
[TimeControl "40/5400+30:1800+30"]

1. e4 {[%emt 0:00:07]} c5 {[%emt 0:00:45]} 2. Nf3 {[%emt 0:00:13]} Nc6 {[%emt 0:00:07]} 3. d4 {[%emt 0:00:14]} cxd4 {[%emt 0:00:06]} 4. Nxd4 {[%emt 0:00:04]} Nf6 {[%emt 0:00:07]} 5. Nc3 {[%emt 0:00:17]} e5 {[%emt 0:00:05]} 6. Ndb5 {[%emt 0:00:23]} d6 {[%emt 0:00:06]} 7. a4 {[%emt 0:01:39]} a6 {[%emt 0:00:22]} 8. Na3 {[%emt 0:00:10]} Be6 {[%emt 0:00:52]} 9. Bg5 {[%emt 0:01:31]} Qb6 {[%emt 0:02:15]} 10. Rb1 {[%emt 0:19:00]} d5 {[%emt 0:16:57]} 11. Bxf6 {[%emt 0:39:34]} d4 {[%emt 0:10:40]} 12. Nd5 {[%emt 0:05:49]} Bxd5 {[%emt 0:03:16]} 13. exd5 {[%emt 0:01:10]} Qa5+ {[%emt 0:12:50]} 14. c3 {[%emt 0:05:42]} Qxd5 {[%emt 0:10:35]} 15. Bh4 {[%emt 0:03:21]} Bxa3 {[%emt 0:04:06]} 16. bxa3 {[%emt 0:01:11]} Qe4+ {[%emt 0:00:05]} 17. Be2 {[%emt 0:00:04]} dxc3 {[%emt 0:06:43]} 18. Rxb7 {[%emt 0:04:31]} O-O {[%emt 0:08:27]} 19. Qd3 {[%emt 0:10:46]} Qxh4 {[%emt 0:00:43]} 20. Rc7 {[%emt 0:03:39]} Qxa4 {[%emt 0:04:30]} 21. Qxc3 {[%emt 0:00:36]} Nd4 {[%emt 0:00:33]} 22. Bd1 {[%emt 0:00:48]} Qe8 {[%emt 0:02:04]} 23. a4 {[%emt 0:00:23]} Rb8 {[%emt 0:02:12]} 24. O-O {[%emt 0:00:37]} Rb1 {[%emt 0:02:28]} 25. Qc4 {[%emt 0:00:31]} Qd8 {[%emt 0:00:29]} 26. Bh5 {[%emt 0:00:37]} Rxf1+ {[%emt 0:00:10]} 27. Kxf1 {[%emt 0:00:01]} g6 {[%emt 0:00:18]} 28. Bg4 {[%emt 0:00:08]} Qg5 {[%emt 0:01:54]} 29. h3 {[%emt 0:01:00]} h5 {[%emt 0:00:57]} 30. Be2 {[%emt 0:00:47]} Kg7 {[%emt 0:02:31]} 31. Qxa6 {[%emt 0:00:32]} Rb8 {[%emt 0:00:44]} 32. Qd3 {[%emt 0:00:30]} Rb2 {[%emt 0:01:49]} 33. Bf3 {[%emt 0:00:30]} Qf4 {[%emt 0:00:24]} 34. Kg1 {[%emt 0:00:30]} Nxf3+ {[%emt 0:03:20]} 35. gxf3 {[%emt 0:00:12]} Qxa4 {[%emt 0:02:05]} 36. Qd5 {[%emt 0:00:49]} Rb1+ {[%emt 0:00:11]} 37. Kg2 {[%emt 0:00:08]} Qf4 {[%emt 0:00:15]} 38. h4 {[%emt 0:00:30]} Re1 {[%emt 0:01:22]} 39. Rc4 {[%emt 0:00:47]} Qf5 {[%emt 0:00:22]} 40. Qd2 {[%emt 0:00:00]} Qb1 {[%emt 0:00:00]} 41. f4 {[%emt 0:02:48]} e4 {[%emt 0:02:49]} 42. f5 {[%emt 0:01:30]} Rg1+ {[%emt 0:02:13]} 43. Kh2 {[%emt 0:00:11]} Qf1 {[%emt 0:02:20]} 44. Qd4+ {[%emt 0:03:50]} Kh7 {[%emt 0:00:11]} 45. fxg6+ {[%emt 0:00:12]} Rxg6 {[%emt 0:00:05]} 0-1